Trendy a technologie 2018 sborník příspěvků z 3. konference v rámci projektu Strategický rozvoj VŠPJ, 14. listopadu 2018, (Jihlava, Česko)
Enregistré dans:
| Collectivités auteurs: | , |
|---|---|
| Autres auteurs: | |
| Format: | Livre |
| Langue: | tchèque slovaque |
| Publié: |
Jihlava
Vysoká škola polytechnická Jihlava
2018
|
| Édition: | 1. vydání |
| Sujets: | |
| Tags: |
Pas de tags, Soyez le premier à ajouter un tag!
|
MARC
| LEADER | 00000nlm a2200000 4500 | ||
|---|---|---|---|
| 001 | 0254615 | ||
| 005 | 20240312114303.6 | ||
| 020 | |a 978-80-88064-38-1 | ||
| 041 | 0 | |a cze | |
| 041 | 0 | |a slo | |
| 044 | |a CZ | ||
| 245 | 1 | 0 | |a Trendy a technologie 2018 |b sborník příspěvků z 3. konference v rámci projektu Strategický rozvoj VŠPJ, 14. listopadu 2018, (Jihlava, Česko) |c Editor: Hana Vojáčková |
| 250 | |a 1. vydání | ||
| 264 | 1 | |a Jihlava |b Vysoká škola polytechnická Jihlava |c 2018 | |
| 300 | |a online 125 s. | ||
| 610 | 2 | 0 | |a revolúcia priemyselná |
| 610 | 2 | 0 | |a technológie nové |
| 610 | 2 | 0 | |a technológie informačné |
| 610 | 2 | 0 | |a systémy informačné |
| 610 | 2 | 0 | |a systémy riadenia |
| 610 | 2 | 0 | |a automatizácia |
| 610 | 2 | 0 | |a digitalizácia |
| 610 | 2 | 0 | |a zariadenia výrobné |
| 610 | 2 | 0 | |a priemysel 4.0 |
| 610 | 2 | 0 | |a robotizácia |
| 610 | 2 | 0 | |a logistika |
| 610 | 2 | 0 | |a automobily |
| 610 | 2 | 0 | |a internet |
| 610 | 2 | 0 | |a softvér |
| 610 | 2 | 0 | |a riadenie podnikové |
| 700 | 1 | |a Vojáčková, Hana | |
| 110 | 2 | |a Trendy a technologie 2018. Konference v rámci projektu Strategický rozvoj VŠPJ | |
| 710 | 2 | |a Vysoká škola polytechnická Jihlava. Katedra technických studií | |